00469 2200193 4500001002100000005001500021008004100036020001800077035001900095041000700114082001100121090001700132100001900149245002800168250000600196260002800202300001600230650002900246INLIS00000000001272820241224114423241224||||||||| | ||| |||| || |  a979-741-409-4 0010-1224012728 aid0 a621.37 a621.37 LIN i0 aTrevor Linsley00aInstalasi Listrik Dasar a3 aJakartaberlanggac2004 a231hlm;26cm 0aIlmu Teknik (Enjiniring)